El Congreso de historia sobre Oviedo en Costa Rica, 1978 /
Reseña sobre el recientemente concluido "Congreso Gonzalo Fernández de Oviedo y el Mundo Centroamericano de su Tiempo", en la cual se examinan, someramente, tres cuestiones: la personalidad, como cronistas, de Fernández de Oviedo y fray Bartolomé de Las Casas, y se reseña el desarrollo del...
Shranjeno v:
| Glavni avtor: | |
|---|---|
| Format: | Texto |
| Jezik: | Spanish |
| Teme: | |
| Oznake: |
Označite
Brez oznak, prvi označite!
|
MARC
| LEADER | 00000 a a2200000 04500 | ||
|---|---|---|---|
| 001 | 881 | ||
| 003 | cru IIS | ||
| 005 | 20210728161315.0 | ||
| 008 | 210728b |||||||| |||| 00| 0 spa d | ||
| 040 | |c cru IIS | ||
| 100 | 1 | |a Pujol, Lemistre | |
| 245 | 1 | 3 | |a El Congreso de historia sobre Oviedo en Costa Rica, 1978 / |c Lemistre Pujol |
| 500 | |a Colección Centroamérica | ||
| 520 | |a Reseña sobre el recientemente concluido "Congreso Gonzalo Fernández de Oviedo y el Mundo Centroamericano de su Tiempo", en la cual se examinan, someramente, tres cuestiones: la personalidad, como cronistas, de Fernández de Oviedo y fray Bartolomé de Las Casas, y se reseña el desarrollo del congreso, así como los aportes que se presentaron en éste. MB | ||
| 650 | |a HISTORIA | ||
| 650 | |a CONQUISTA | ||
| 773 | |g número 5; páginas 121-123 | ||
| 942 | |2 ddc |c PP | ||
| 999 | |c 31292 |d 31292 | ||
| 773 | 0 | |0 18765 |9 5762 |a Universidad de Costa Rica. |d San José, Costa Rica: Editorial Universidad de Costa Rica, 1974- |o 21380 |t Anuario de Estudios Centroamericanos / |x 03777316 | |
